| 000 | 00493nam a2200229Ia 4500 | ||
|---|---|---|---|
| 001 | 066155 | ||
| 003 | YMCAF | ||
| 005 | 20230512160344.0 | ||
| 008 | 100717s1972 ||||||||||||||||| ||und|d | ||
| 020 | _a- | ||
| 024 | _a66155 | ||
| 035 | _a5618 | ||
| 040 |
_aYMCAF _beng _cIN-KoLT |
||
| 041 | _aeng | ||
| 100 | _aBuckwalter, Len | ||
| 245 | 0 | _aElectronic Games and toys You can build | |
| 260 |
_bHoward & Sams _c1972 |
||
| 300 | _a128 | ||
| 653 | _a- | ||
| 653 | _a- | ||
| 942 |
_2ddc _cBK |
||
| 999 |
_c3911 _d3911 |
||